[Event "Toronto NAYCC U08"]
[Site "Toronto"]
[Date "2013.08.15"]
[Round "2"]
[White "Mills, Torin"]
[Black "Mo, Aidan"]
[Result "0-1"]
[WhiteElo "626"]
[BlackElo "1002"]
[PlyCount "38"]
[EventDate "2013.08.14"]
[EventType "swiss"]
[EventRounds "9"]
[EventCountry "CAN"]
[SourceTitle "EXT 2022"]
[Source "ChessBase"]
[SourceDate "2021.10.06"]
[SourceVersion "1"]
[SourceVersionDate "2021.10.06"]
[SourceQuality "1"]

1. d4 d5 2. Nc3 c5 3. Nf3 Nc6 4. e3 Bg4 5. Be2 e6 6. h3 Bf5 7. Bd3 Bxd3 8. Qxd3 c4 9. Qe2 Bd6 10. Bd2 Nf6 11. 0-0-0 0-0 12. e4 Re8 13. Rhe1 a5 14. Nb5 Bb4 15. Bxb4 axb4 16. Kb1 Qa5 17. Nd6 Qxa2+ 18. Kc1 c3 19. Nxe8 Qa1# 0-1

[Event "CAN-ch U08"]
[Site "Ottawa"]
[Date "2013.07.12"]
[Round "5"]
[White "Bivol, Mateo"]
[Black "Mo, Aidan"]
[Result "1/2-1/2"]
[WhiteElo "735"]
[BlackElo "951"]
[PlyCount "66"]
[EventDate "2013.07.10"]
[EventType "swiss"]
[EventRounds "6"]
[EventCountry "CAN"]
[SourceTitle "EXT 2022"]
[Source "ChessBase"]
[SourceDate "2021.10.06"]
[SourceVersion "1"]
[SourceVersionDate "2021.10.06"]
[SourceQuality "1"]

1. e4 c5 2. Nf3 Nc6 3. Nc3 e6 4. Bb5 Nge7 5. 0-0 a6 6. Bxc6 Nxc6 7. d3 Be7 8. Bf4 d6 9. h3 0-0 10. e5 dxe5 11. Nxe5 Qd4 12. Nxc6 bxc6 13. Be3 Qh4 14. Qf3 Bb7 15. Bf4 Bf6 16. Bg3 Qd4 17. Rae1 Rad8 18. Re4 Qd7 19. Re2 Bxc3 20. bxc3 c4 21. dxc4 c5 22. Qe3 Qc6 23. f3 f5 24. Be5 Rd7 25. Rd2 Rxd2 26. Qxd2 Qb6 27. Qg5 Rf7 28. Rd1 h6 29. Qh4 Qc6 30. Rd6 Qa4 31. Rd8+ Kh7 32. Qg3 Rd7 33. Rxd7 Qxd7 1/2-1/2